| 000 | 00378 a2200145 4500 | ||
|---|---|---|---|
| 999 |
_c4283 _d4283 |
||
| 020 | _a0194371336 | ||
| 050 | _aPE1128WRI1987 | ||
| 100 | _aWright, Tony | ||
| 245 |
_aRoles of teachers and learners / _cTony Wright |
||
| 264 |
_aOxford _bOxford university press _c1987 |
||
| 300 |
_a165p. _bill. |
||
| 500 | _aIncludes index | ||
| 650 | _aTeaching | ||
| 942 |
_2lcc _cBK _h1128 _iWRI _kPE |
||